Central Library OPAC University of Rajshahi

Basic statistics : (Record no. 35186)

MARC details
000 -LEADER
fixed length control field 00922cam a22003131i 4500
001 - CONTROL NUMBER
control field 35186
003 - CONTROL NUMBER IDENTIFIER
rucl marc code BD-RjUL
005 - DATE AND TIME OF LATEST TRANSACTION
control field 20211209052256.0
008 - FIXED-LENGTH DATA ELEMENTS--GENERAL INFORMATION
fixed length control field 140521r19771957 ii 001 0 eng d
035 ## - SYSTEM CONTROL NUMBER
System control number (BD-RjUL)35280
System control number (OCoLC)ocm00166712
System control number (BD-RjUL)
System control number (NNC)2512387
040 ## - CATALOGING SOURCE
Modifying agency UPvMLC
-- UPvMLC
-- BD-RjUL
Original cataloging agency DLC
Language of cataloging eng
Transcribing agency DLC
041 ## - LANGUAGE CODE
Language code of text/sound track or separate title eng
082 04 - DEWEY DECIMAL CLASSIFICATION NUMBER
Classification number 311
Author mark and year SIB 1977
090 ## - LOCALLY ASSIGNED LC-TYPE CALL NUMBER (OCLC); LOCAL CALL NUMBER (OCLC)
Classification number (OCLC) (R) ; Classification number, CALL (RLIN) (NR) HA29
Local cutter number (OCLC) ; Book number/undivided call number, CALL (RLIN) .Si58
100 1# - MAIN ENTRY--PERSONAL NAME
Personal name Simpson, George,
Dates associated with a name 1908-
9 (RLIN) 19639
245 10 - TITLE STATEMENT
Title Basic statistics :
Remainder of title a textbook for the first course /
Statement of responsibility, etc. [by] George Simpson and Fritz Kofka.
250 ## - EDITION STATEMENT
Edition statement Rev. ed.
260 ## - PUBLICATION, DISTRIBUTION, ETC. (IMPRINT)
Place of publication, distribution, etc. New delhi :
Name of publisher, distributor, etc. Oxford & IBH pub.,
Date of publication, distribution, etc. c1957 [reprinted 1977]
300 ## - PHYSICAL DESCRIPTION
Pagination 521 p. :
Illustrations ill. ;
Size 22 cm.
504 ## - BIBLIOGRAPHY, ETC. NOTE
Bibliography, etc includes index.
650 #0 - SUBJECT ADDED ENTRY--TOPICAL TERM
Topical term or geographic name as entry element Statistics.
9 (RLIN) 107185
700 1# - ADDED ENTRY--PERSONAL NAME
Personal name Kafka, Fritz,
Relator term author.
942 ## - ADDED ENTRY ELEMENTS (KOHA)
Source of classification or shelving scheme Dewey Decimal Classification
Koha item type Books
Holdings
Lost status Source of classification or shelving scheme Damaged status Not for loan Collection code Permanent Location Current Location Shelving location Date acquired Source of acquisition Cost, normal purchase price Total Checkouts Full call number Date last seen Copy number Koha item type
  Dewey Decimal Classification     Non-fiction Central Library, University of Rajshahi Central Library, University of Rajshahi   09/01/1980 India Int. Calcata 15.00   519.5 SIB 1977 21/05/2014 C-8 Books
  Dewey Decimal Classification     Non-fiction Central Library, University of Rajshahi Central Library, University of Rajshahi   26/05/1980 India int. cal 15.00   519.5 SIB 1977 21/05/2014 C-10 Books
  Dewey Decimal Classification     Non-fiction Central Library, University of Rajshahi Central Library, University of Rajshahi   06/02/1964 Zeitlinger 0.00   519.5 SIB 1977 21/05/2014 C-9 Books
  Dewey Decimal Classification     Non-fiction Central Library, University of Rajshahi Central Library, University of Rajshahi   05/07/1976 USIS 0.00   519.5 SIB 1971 21/05/2014 C-7 Books
  Dewey Decimal Classification     Non-fiction Central Library, University of Rajshahi Central Library, University of Rajshahi   26/05/1980 India Int., Calcata 15.00   519.5 SIB 1977 21/05/2014 C-6 Books
  Dewey Decimal Classification     Non-fiction Central Library, University of Rajshahi Central Library, University of Rajshahi   09/01/1980 India Int. Calcata 15.00   519.5 SIB 1977 22/05/2014 C-5 Books
  Dewey Decimal Classification     Non-fiction Central Library, University of Rajshahi Central Library, University of Rajshahi   07/07/1964 India Int. Cal. 15.00   519.5 SIB 1957 24/05/2014 C-4 Books
  Dewey Decimal Classification     Non-fiction Central Library, University of Rajshahi Central Library, University of Rajshahi     Indian int. cal. 15.00   519.5 SIB 1977 19/06/2014 C-3 Books
  Dewey Decimal Classification     Non-fiction Central Library, University of Rajshahi Central Library, University of Rajshahi   07/07/1964 Zeitlinger. 52.00   519.5 SIB 1957 26/06/2014 C-2 Books
  Dewey Decimal Classification   Not For Loan Non-fiction Central Library, University of Rajshahi Central Library, University of Rajshahi Reading Room 26/06/2014       519.5 SIB 1957 26/06/2014 C-1 Books